Эксплуатация и ремонт абонентских устройств городских телефонных сетей: учебное пособие для средних профессиональных заведений

Bibliografiske detaljer
Hovedforfatter: Зуев Г. А. Геннадий Александрович
Andre forfattere: Хачиров Л. И. Лазарь Иналович
Sprog:russisk
Udgivet: Москва, Высшая школа, 1986
Serier:Профтехобразование
Fag:
Format: MixedMaterials Bog
KOHA link:https://koha.lib.tpu.ru/cgi-bin/koha/opac-detail.pl?biblionumber=279812

MARC

LEADER 00000nam0a2200000 4500
001 279812
005 20231031232223.0
035 |a (RuTPU)RU\TPU\book\303117 
090 |a 279812 
100 |a 20141223d1986 m y0rusy5003 ca 
101 0 |a rus 
102 |a RU 
105 |a a j 001zy 
200 1 |a Эксплуатация и ремонт абонентских устройств городских телефонных сетей  |e учебное пособие для средних профессиональных заведений  |f Г. А. Зуев, Л. И. Хачиров 
210 |a Москва  |c Высшая школа  |d 1986 
215 |a 351 с.  |c ил. 
225 1 |a Профтехобразование 
606 1 |a Телефония   |2 stltpush  |3 (RuTPU)RU\TPU\subj\59308 
610 1 |a учебные пособия 
610 1 |a эксплуатация 
610 1 |a ремонт 
610 1 |a абонентские устройства 
675 |a 621.395(075.32)  |z rus  |v 4 
700 1 |a Зуев  |b Г. А.  |g Геннадий Александрович  |4 070 
701 1 |a Хачиров  |b Л. И.  |g Лазарь Иналович  |4 070 
801 0 |a RU  |b RuMRKP  |c 19950704  |g psbo 
801 1 |a RU  |b 63413507  |c 20141223 
801 2 |a RU  |b 63413507  |c 20180205  |g RCR 
942 |c BK